000 01296nkm a2200373 c 4500
999 _c210299
_d210299
003 BLK
005 20200429113439.0
008 180412b bul rap|r|||| r0| ||bulo|
010 _aKNG00163861000
040 _aBLK
041 _aENG
_cENG
080 _aЖивопис
_b75
_x(492):069
_z75(492):069
100 1 _aKuznetsov, Yury
_eпърви автор
_916248
139 _aKuznetsov, Yury et al.
_bK 96
_fK 96 Y
_gК 93 Ю
245 1 0 _aDutch Painting in Soviet Museums
_cYury Kuznetsov; съавт. Irene Linnik.
257 _aSUN
260 _bAurora
_c1989
300 _a224 p.
_bill.
_c30 cm
380 _a7
500 _aСпесък на съкр. - Именен показалец.
650 4 _aЖивопис, нидерландска
_9305857
650 4 _aЖивопис - галерии, изложби, колекции и музеи
_9254628
651 4 _aХоландия
_9179745
651 4 _aНидерландия
_9179265
653 _aживопис
653 _aНидерландия
653 _aмузеи
700 1 _aLinnik, Irene
_eсъавт.
_9352378
700 1 _aКузнецов, Юрий
_985311
852 _aЦб Гр А ІІ 3741
856 4 _qpdf
_u
856 4 _qpdf
_u
942 _cGRA
_n0
_s1
944 _aCR
_c04.08.2014
_l04.08.2014 - от С1,Р / 04.08.2014
_kКамелия_Данева
944 _aED
_c04.08.2014
_l04.08.2014 - от С1,Р / 04.08.2014
999 _d210299